000 00405nam a2200157Ia 4500
005 20250423095404.0
008 250422s9999 xx 000 0 und d
020 _a0- 292- 70630- 8
050 _aGR 330 .F65/
245 0 _aFolktales from Syria
260 _aAustin, TX
260 _bCenter for Middle Eastern Studies, University of Texas at Austin
260 _c2004
300 _a94 p
942 _cBK
999 _c30126
_d30126